| 000 | 00705nam a2200205 a 4500 | ||
|---|---|---|---|
| 005 | 20210223130608.0 | ||
| 008 | 080821s1981 mx r 000 0 spa d | ||
| 035 | _aUPN01000159381 | ||
| 049 | _aUNE | ||
| 080 | _a373.3: 613.2 (5)=20 ASI No.80. | ||
| 245 | 1 | 0 |
_aAsian experiences in health and nutrition education : _ba synthesis of country reviews. |
| 260 |
_aParís : _bUNESCO ; _aNew York : _bUNICEF, _c1981. |
||
| 300 | _a10, 10 p. | ||
| 440 | 0 |
_aNotes, comments... ; _v80 |
|
| 690 | _aEducacion sanitaria - Enseñanza primaria - Asia | ||
| 690 | _aEnseñanza primaria - Educacion nutricional - Asia | ||
| 710 | 2 |
_aUNICEF _924085 |
|
| 710 | 2 | _aPrograma de Alimentación Mundial | |
| 905 | _aUNESCO | ||
| 999 |
_c131495 _d131495 |
||